Mathematics for Electronics (Record no. 8470)

MARC details
000 -LEADER
fixed length control field 00504nam a22001817a 4500
003 - CONTROL NUMBER IDENTIFIER
control field OSt
005 - DATE AND TIME OF LATEST TRANSACTION
control field 20240614114855.0
008 - FIXED-LENGTH DATA ELEMENTS--GENERAL INFORMATION
fixed length control field 240614b |||||||| |||| 00| 0 eng d
040 ## - CATALOGING SOURCE
Original cataloging agency DDC
Transcribing agency MUST
082 ## - DEWEY DECIMAL CLASSIFICATION NUMBER
Edition number 22
Classification number 512.1 LEA 1979
100 ## - MAIN ENTRY--PERSONAL NAME
Relator code Leach,Donald P.
245 ## - TITLE STATEMENT
Title Mathematics for Electronics
260 ## - PUBLICATION, DISTRIBUTION, ETC. (IMPRINT)
Place of publication, distribution, etc. Reston,Virginia
Name of publisher, distributor, etc. Reston Publishing Company,Inc
Date of publication, distribution, etc. c1979
300 ## - PHYSICAL DESCRIPTION
Extent xv,431p.;
Other physical details ill:
Dimensions 24cm
504 ## - BIBLIOGRAPHY, ETC. NOTE
Bibliography, etc it includes appendices and indexes
650 ## - SUBJECT ADDED ENTRY--TOPICAL TERM
Topical term or geographic name as entry element Mathematics
942 ## - ADDED ENTRY ELEMENTS (KOHA)
Source of classification or shelving scheme Dewey Decimal Classification
Koha item type Open Shelf
Holdings
Withdrawn status Lost status Source of classification or shelving scheme Damaged status Not for loan Home library Current library Source of acquisition Inventory number Total Checkouts Full call number Barcode Date last seen Koha item type
    Other/Generic Classification Scheme     MUST Main Library MUST Main Library Purchase 2000/14090   512.1 LEA 1979 2024-20514 14/06/2024 Open Shelf